000 00901nam a22002297a 4500
005 20250409130218.0
008 250409b |||||||| |||| 00| 0 eng d
020 _a978-93-6086-797-3 (pbk)
037 _cTB
040 _aCRL
_cCRL
041 _2hin
_ahin
084 _aO152,3N296x R4
_qCRL
100 _aवर्मा, निर्मल
245 _aपरिंदे
260 _aदिल्ली, भारत:
_bराजकमल पेपरबैक्स,
_c2024.
300 _a181पृ0
365 _b299.00
_cINR
650 _aकहानी संग्रह
650 _aहिन्दी साहित्य
942 _2CC
_cTB
_hO152,3N296x R4
_n0
999 _c1308597
_d1308597